Представление документа в формате MARC21

Поле Инд. ПП Название Значение
Тип записи a
Библиографический уровень m
001 Контрольный номер 303c6201-f5bc-450d-b590-ed339ed194e0
005 Дата корректировки 20131218100452.8
008 Кодируемые данные 020123
020 a ISBN 5-06-004155-7
c Цена, тираж 85.00
040 a Служба первич. каталог. НБ ТвГУ
041 a Код языка текста rus
080 a Индекс УДК 514.743(075.8)
084 a Индекс другой классификации/Индекс ББК В151.51я731-1
090 a Полочн. индекс В151.5
x Авторский знак Д46
100 1_ a Автор Димитриенко Юрий Иванович
245 10 a Заглавие Тензорное исчисление
b Продолж. заглавия Учеб. пособие для студентов вузов, обучающихся по физ.-мат. и машиностроит. специальностям
c Ответственность Ю. И. Димитриенко
260 0_ a Место издания Москва
b Издательство Высшая школа
c Дата издания 2001
300 a Объем 575 с.
504 a Библиография Библиогр.: с.567-568.
504 a Библиография Предм. указ.: с.569-575.
583 a Действие Получение впервые 39 22.01.2002
k Исполнитель действия Центральный Коллектор Научных Библиотек
583 a Действие Приписка 25 18.03.2009
k Исполнитель действия ОАО "Издательство "Высшая школа"
650 a Основная рубрика Тензорное исчисление
x Основная подрубрика Учебники для вузов
653 a Ключевые слова Геометрия
a Ключевые слова Математика
a Ключевые слова Тензорное исчисление
852 t Порядковый номер экземпляра 3
p Инвентарный номер 742270
p Инвентарный номер 929456 184.80
p Инвентарный номер 929457 184.80
863 t 00070341
863 t 00184888
863 t 00184889
888 a За счет средств университета
930 a Новая/Ретро учебники
952 p 39.2002 85.00 1 742270
p 25.2009 184.80 1 929456
p 25.2009 184.80 1 929457
c Вид литературы К ру
954 a Дата поступления на обработку 20020211
999 a Подразделение 2 Фил3